Estadísticas para Adivina la película por su decorado o locaciones (Parte 1)

Haz click aquí para intentar la prueba.

Estadísticas generales

  • Esta prueba ha sido intentada 62 veces
  • La puntuación promedio es 5 de 16

Estadísticas de respuestas

Respuesta% Correcto
El resplandor
79%
Titanic
78%
La milla verde / Milagros inesperados
57%
El gran hotel Budapest
50%
Ben-Hur
40%
Eduardo Manostijeras / El joven manos de tijera
38%
Hugo / La invención de Hugo Cabret
29%
El gran Gatsby
24%
Todo sobre mi madre
24%
El laberinto del fauno
21%
Érase una vez en América
14%
El color del dinero
12%
Veinte mil leguas de viaje submarino /20.000 leguas de viaje submarino
12%
Licorice Pizza
5%
El aviador
3%
Ran
2%

Distribución de puntuación

Porcentaje por número respondido

Porcentaje de gente con cada puntuación

Historial de tus puntuaciones

No has intentado esta prueba.